00596nam a2200193Ia 450000500170000000800410001702000150005808200180007310000060009124500520009726000570014930000190020665000100022565000170023570000290025294200060028195201000028799900150038720240529061856.0240331s9999 xx 000 0 und d a8185397007 bFEMa346.0134 a  0aFeminism and law :bnational law school journal aIndiabNational Law school of India universityc1993 axiii, 214 p ., aWomen aHuman Rights aMenon, Madhava R.N.eedt cL 001040708LaWERCLbWERCLcSSCd2024-03-31l0o 346.0134 FEMp3013r2024-03-31w2024-03-31yL c2811d2811